| 000 | 00635nam a2200181 a 4500 | ||
|---|---|---|---|
| 001 | 000005418 | ||
| 005 | 20200929151655.0 | ||
| 008 | 090819s1976 es 001 0 spa d | ||
| 020 | _a8400035828 | ||
| 040 | _aDO-SdBNP | ||
| 082 |
_axxx _bM723e |
||
| 100 | 1 |
_aMolino García, María Teresa _915380 |
|
| 245 | 1 | 3 |
_aLa encomienda en el nuevo Reino de Granada durante el siglo XVIII / _cMaría Teresa Molino García. |
| 260 |
_aSevilla : _bEscuela de Estudios Hispanoamericanos de Sevilla, Consejo Superior de Investigaciones Científicas, _c1976. |
||
| 300 |
_a224 p. ; _c20 cm. |
||
| 500 | _aIncluye tabla de contenido | ||
| 049 | _aBNPD | ||
| 999 |
_c5218 _d5218 |
||